O teorema Katherine (Record no. 146148)

MARC details
000 -LÍDER
campo de controle de tamanho fixo 02056nam a22001937a 4500
001 - NÚMERO DE CONTROLE
campo de controle 146148
005 - DATA E HORÁRIO DA ÚLTIMA TRANSAÇÃO
campo de controle 20240429143516.0
008 - CAMPO DE DADOS FIXOS--INFORMAÇÃO GERAL
campo de controle de tamanho fixo 240429b |||||||| |||| 00| 0 POR d
040 ## - FONTE DA CATALOGAÇÃO
Instituição que transcreveu o registro Colegio Novo Tempo
080 ## - CDU - CLASSIFICAÇÃO DECIMAL UNIVERSAL
Número da Classificação Decimal Universal (CDU) 821111733
100 ## - ENTRADA PRINCIPAL--NOME PESSOAL
Nome pessoal John Green
9 (RLIN) 1314
245 ## - TÍTULO
Título O teorema Katherine
250 ## - EDIÇÃO
Edição 1ª edição (12 março 2013)
300 ## - DESCRIÇÃO FÍSICA
Extensão Capa comum ‏ : ‎ 304 páginas
Dimensões Dimensões ‏ : ‎ 20.83 x 13.72 x 1.27 cm
500 ## - NOTA GERAL
Nota geral Se o assunto é relacionamento, o tipo de garota de Colin Singleton tem nome: Katherine. E, em se tratando de Colin e Katherines, o desfecho é sempre o mesmo: ele leva o fora. Já aconteceu muito. Dezenove vezes, para ser exato.<br/><br/>Após o mais recente e traumático pé na bunda, o Colin que só namora Katherines resolve cair na estrada. Dirigindo o Rabecão de Satã, com seu caderninho de anotações no bolso e o melhor amigo no carona, o ex-garoto prodígio, viciado em anagramas e PhD em levar o fora, descobre sua verdadeira missão: elaborar e comprovar o Teorema Fundamental da Previsibilidade das Katherines, que tornará possível antever, através da linguagem universal da matemática, o desfecho de qualquer relacionamento antes mesmo que as duas pessoas se conheçam.<br/><br/>Uma descoberta que vai entrar para a história, vai vingar séculos de injusta vantagem entre Terminantes e Terminados e, enfim, elevará Colin Singleton diretamente ao distinto posto de gênio da humanidade. Também, é claro, vai ajudá-lo a reconquistar sua garota. Ou, pelo menos, é isso o que ele espera.<br/><br/>“Bastante divertido, desafiadoramente complexo e extremamente interessante.” Kirkus Reviews<br/><br/>“Divertido, espirituoso e fascinante.” School Library Journal<br/><br/>“O humor rasgado [dos personagens] oscila entre o deliciosamente pretensioso e o sutilmente intelectualizado.” Booklist<br/><br/>“Engraçado, cativante e imprevisível.” The Minneapolis Star Tribune<br/><br/>Best-seller da Veja<br/><br/>
650 ## - ASSUNTO--TERMO TÓPICO
Fonte do cabeçalho ou termo Idade de leitura ‏ : ‎ 12 - 17 anos
760 ## - ENTRADA DE SÉRIE PRINCIPAL
Edição Intrínseca
942 ## - ELEMENTOS DE ENTRADA ADICIONADOS (KOHA)
Fonte da classificação ou esquema de arquivamento na estante Classificação Decimal de Dewey
Tipo de material Koha Livros
Ocultar no OPAC Não
Holdings
Situação do descarte Situação das perdas Fonte da classificação ou esquema de arquivamento na estante Situação física Não pode ser emprestado Biblioteca de origem Biblioteca atual Localização na estante Data de aquisição Total de empréstimos Número de chamada completo Código de barras Data de último acesso Data do último empréstimo Número do exemplar Data do preço efetivo Tipo de material Koha Nota pública
    Classificação Decimal de Dewey     Novo Tempo - Aureliano São José Novo Tempo - Aureliano São José Estantes gerais 29/04/2024 1 NT nt20 30/04/2024 30/04/2024 1 29/04/2024 Livros Estante Branca
    Classificação Decimal de Dewey     Novo Tempo - Aureliano São José Novo Tempo - Aureliano São José   12/07/2024     fm152 12/07/2024     12/07/2024 Livros FD2/EM